Normal view
MARC view
- Integrated Environmental Solutions
Entry Corporate Name
001 - CONTROL NUMBER
- control field: 5973
003 - CONTROL NUMBER IDENTIFIER
- control field: OSt
005 - DATE AND TIME OF LATEST TRANSACTION
- control field: 20190806150248.0
008 - FIXED-LENGTH DATA ELEMENTS
- fixed length control field: 110913n| acannaabn |n ana d
040 ## - CATALOGING SOURCE
- Original cataloging agency: OSt
- Transcribing agency: OSt
110 2# - HEADING--CORPORATE NAME
- Corporate name or jurisdiction name as entry element: Integrated Environmental Solutions
670 ## - SOURCE DATA FOUND
- Source citation: Energy modelling of a mid 19th century villa, 2009